000 00251nam a22001217a 4500
008 170629b xxu||||| |||| 00| 0 eng d
041 _aeng
080 _a32
100 _a20
101 _aSHP
245 _aTHE POLITICS MASON.G.L
942 _2udc
_cBK
999 _c19637
_d19637